| 000 | 01267nam a22002777a 4500 | ||
|---|---|---|---|
| 005 | 20110921103356.0 | ||
| 010 | _aENG-103735 B-460880 B-464283 | ||
| 020 |
_a9789380658797 _c295.00 |
||
| 035 | _aEN-87268 B-460880 B-464283 | ||
| 037 | _bDBAD/PUB | ||
| 037 | _bVirtuous Pub/Ven | ||
| 082 | _aN | ||
| 100 |
_aAmish _952298 |
||
| 245 |
_aThe secret of the Nagas / _cby Amish |
||
| 260 |
_aChennai _bWestland _c2011 |
||
| 270 |
_aVenkat Towers, 165, P.H. Road, Maduravoyal _bChennai _e600095 |
||
| 300 |
_axviii,396p. _c22cm (pbk) |
||
| 490 |
_aShiva trilogy 2 _952299 |
||
| 700 | _934731 | ||
| 942 |
_2ddc _cEN _mAMI _hN |
||
| 999 |
_c56760 _d56760 |
||